Makers of Indian Literature: (Record no. 188966)

MARC details
000 -LEADER
fixed length control field 00575nam a2200193 4500
005 - DATE AND TIME OF LATEST TRANSACTION
control field 20220608144446.0
010 ## - LCCN (DPL NO)
LC control number ENG-133140
020 ## - INTERNATIONAL STANDARD BOOK NUMBER
International Standard Book Number 9788126040506
Terms of availability 50.00
035 ## - SYSTEM CONTROL NUMBER
System control number EN-116672
037 ## - SOURCE OF ACQUISITION
Source of stock number/acquisition DBAD/PUB
082 ## - DEWEY DECIMAL CLASSIFICATION NUMBER
Classification number 921
100 ## - MAIN ENTRY--PERSONAL NAME
Personal name Ansari, Naami
245 ## - TITLE STATEMENT
Title Makers of Indian Literature:
Remainder of title Daya Narain Nigam/
Statement of responsibility, etc Naami Ansari
260 ## - PUBLICATION, DISTRIBUTION, ETC. (IMPRINT)
Place of publication, distribution, etc New Delhi
Name of publisher, distributor, etc Sahitya Akademi
Date of publication, distribution, etc 2012
270 ## - ADDRESS
Address Rabindra Bhavan, 35, Ferozeshah Road
City New Delhi
Postal code 110001
300 ## - PHYSICAL DESCRIPTION
Extent 64p.
Dimensions 21cm(pbk)
700 ## - ADDED ENTRY--PERSONAL NAME
Personal name Mohammad Umar Burney
942 ## - ADDED ENTRY ELEMENTS (KOHA)
Source of classification or shelving scheme Dewey Decimal Classification
Item type English Books
Classification part 921
Call number suffix ANS
Holdings
Withdrawn status Lost status Not for loan Collection code Home library Current library Date acquired Source of acquisition Cost, normal purchase price Full call number Barcode Copy number Cost, replacement price Koha item type
      Non-fiction Ashok Vihar Ashok Vihar 08/06/2022 DBAD/PUB 50.00 921 ANS EN-116672 1 50.00 English Books

© Delhi Public Library
Hit Counter
free hit counter